LEADER 01566nam 2200349Ia 450 001 996396810303316 005 20221107212102.0 035 $a(CKB)4330000000354769 035 $a(EEBO)2248512990 035 $a(UnM)99896622 035 $a(UnM)9928824000971 035 $a(EXLCZ)994330000000354769 100 $a19981120d1675 uy | 101 0 $aeng 135 $aurbn||||a|bb| 200 14$aThe worthy communicant: or, a treatise, shewing the due order of receiving the sacrament of the Lord's Supper. By Jer. Dyke sometimes minister of Epping in Essex$b[electronic resource] $eWhereunto is added, a sacramental catechism; wherein the doctrine and ordinance of the Lord's Supper is explained, and several cases of conscience relating thereunto resolved 210 $aLondon $cprinted for Nathaniel Ranew at the Kings Arms in St. Pauls Church-Yard$d1675 215 $a[12], 204 p 300 $aReproduction of original in the Congregational Library, London. 330 $aeebo-0028 606 $aLord's Supper$vPrayer-books and devotions$vEarly works to 1800 606 $aTheology, Doctrinal$vEarly works to 1800 615 0$aLord's Supper 615 0$aTheology, Doctrinal 700 $aDyke$b Jeremiah$f1584-1639.$01001094 801 0$bCu-RivES 801 1$bCu-RivES 801 2$bWaOLN 906 $aBOOK 912 $a996396810303316 996 $aThe worthy communicant: or, a treatise, shewing the due order of receiving the sacrament of the Lord's Supper. By Jer. Dyke sometimes minister of Epping in Essex$92421420 997 $aUNISA LEADER 02538aam 2200661 n 450 001 9910495714003321 005 20250709222304.0 010 $a9782375461341 010 $a2375461347 024 7 $a10.4000/books.pressesenssib.12122 035 $a(CKB)4100000011343887 035 $a(FrMaCLE)OB-pressesenssib-12122 035 $a(PPN)248236113 035 $a(FR-PaCSA)88909653 035 $a(FRCYB88909653)88909653 035 $a(oapen)doab98364 035 $a(EXLCZ)994100000011343887 100 $a20200709j2020|||| ||| 0 101 0 $afre 135 $auu||||||m|||| 181 $ctxt$2rdacontent 182 $cc$2rdamedia 183 $acr$2rdacarrier 200 10$a« Varryations » $eGens du livre, marronneurs et bibliothécaires /$fPhilippe Martin 210 $aVilleurbanne $cPresses de l?enssib$d2020 215 $a1 online resource (248 p.) 225 1 $aPapiers 311 08$a9782375461327 311 08$a2375461320 330 $aDominique Varry, professeur d?histoire du livre à l?Enssib, est l?auteur de nombreux travaux relatifs à la bibliographie matérielle. Les « varryations » choisies par Philippe Martin reprennent des études parues dans diverses revues, elles font la synthèse d?une vie de recherches consacrées à tous les acteurs du livre, institutionnels ou originaux, en pleine lumière ou tapis dans l?ombre pour des raisons économiques, personnelles ou juridiques. Imprimeurs et libraires, éditeurs et contrefacteurs, bibliographes, collectionneurs et bibliothécaires : le peuple de l?époque du « livre-roi » fourmille entre ces pages. 606 $aInformation Science & Library Science 606 $aanthologie 606 $aBibliographie matérielle 606 $abibliologie 606 $abibliothécaire 606 $abibliothèque 606 $alibraire 610 $aanthologie 610 $aBibliographie matérielle 610 $abibliologie 610 $abibliothécaire 610 $abibliothèque 610 $alibraire 615 4$aInformation Science & Library Science 615 4$aanthologie 615 4$aBibliographie matérielle 615 4$abibliologie 615 4$abibliothécaire 615 4$abibliothèque 615 4$alibraire 700 $aMartin$b Philippe$0200316 701 $aWalsby$b Malcolm$01108397 701 $aMartin$b Philippe$0200316 801 0$bFR-FrMaCLE 906 $aBOOK 912 $a9910495714003321 996 $a« Varryations »$93006780 997 $aUNINA